Loading...
| Literature - World/Other | 0 | 11 | 0 | 1 | 110 | 46 | 88.64 | 3 | 6 | 0.00 | 0.00 |
| Literature - European | 0 | 11 | 0 | 0 | 110 | 57 | 85.91 | 0 | 7 | 0.00 | 0.00 |
| Literature - American | 0 | 10 | 1 | 0 | 95 | 58 | 88.30 | 2 | 7 | 0.00 | 0.00 |
| Fine Arts - Classical Music | 0 | 8 | 1 | 1 | 75 | 60 | 89.88 | 3 | 6 | 0.00 | 0.00 |
| Literature - British | 0 | 7 | 2 | 1 | 60 | 70 | 92.86 | 0 | 5 | 0.00 | 0.00 |
| History - American | 0 | 4 | 0 | 2 | 40 | 96 | 112.50 | 0 | 0 | 0.00 | 0.00 |
| Science - Physics | 0 | 5 | 2 | 0 | 40 | 48 | 73.60 | 1 | 4 | 0.00 | 0.00 |
| Mythology | 0 | 4 | 0 | 0 | 40 | 30 | 59.25 | 0 | 1 | 0.00 | 0.00 |
| Science - Biology | 0 | 4 | 0 | 1 | 40 | 65 | 91.50 | 1 | 2 | 0.00 | 0.00 |
| Religion | 0 | 5 | 3 | 3 | 35 | 73 | 111.60 | 0 | 1 | 0.00 | 0.00 |
| Science - Other | 0 | 3 | 0 | 1 | 30 | 99 | 104.00 | 0 | 2 | 0.00 | 0.00 |
| Philosophy | 0 | 5 | 4 | 0 | 30 | 65 | 96.60 | 1 | 3 | 0.00 | 0.00 |
| Fine Arts - Other | 0 | 3 | 1 | 0 | 25 | 88 | 117.67 | 0 | 2 | 0.00 | 0.00 |
| Fine Arts - Visual | 0 | 3 | 1 | 1 | 25 | 66 | 95.33 | 0 | 2 | 0.00 | 0.00 |
| History - Other | 0 | 2 | 0 | 0 | 20 | 57 | 57.00 | 0 | 0 | 0.00 | 0.00 |
| Social Science | 0 | 2 | 1 | 1 | 15 | 99 | 104.50 | 0 | 1 | 0.00 | 0.00 |
| History - European | 0 | 1 | 0 | 0 | 10 | 91 | 91.00 | 0 | 0 | 0.00 | 0.00 |
| Other Academic | 0 | 0 | 0 | 0 | 0 | 0.00 | 0 | 0 | 0.00 | 0.00 | |
| Science - Chemistry | 0 | 0 | 1 | 0 | -5 | 0.00 | 0 | 0 | 0.00 | 0.00 |